000 00255nam a22001217a 4500
008 170404b xxu||||| |||| 00| 0 eng d
041 _aeng
080 _a574
100 _a9
101 _aSHM
245 _aWRATHER AND CLIMATE
_cAGUADO.E
942 _2udc
_cBK
999 _c9660
_d9660